| 000 | 01602nam0a2200313 i 4500 | ||
|---|---|---|---|
| 001 | RU\NLR\BIBL_A\010884215 | ||
| 005 | 20260407061053.0 | ||
| 021 |
_aRU _b2015-80297 _94865 |
||
| 035 | _a(NILC)RuMoRGB-008046792 | ||
| 035 | _a(NLR Aleph) 010884215 | ||
| 090 |
_a10517920 _c10517920 |
||
| 100 | _a20151106d2015 u y0rusy50 ca | ||
| 101 | 0 |
_arus _alat |
|
| 102 | _aRU | ||
| 105 | _aa|||j|||000yy | ||
| 200 | 1 |
_aКраткий курс латинского языка _eучебное пособие _e(для студентов юридических специальностей) _fФедер. гос. бюджет. образоват. учреждение высш. проф. образования "Рос. правовая акад. М-ва юстиции Рос. Федерации", Иркут. юрид. ин-т (фил.) _g[сост.: Коршунова С.О., к.филол.н., доц.] |
|
| 210 |
_aМосква _cРПА Минюста России _d2015 |
||
| 215 |
_a93 с. _cил. _d21 |
||
| 300 | _aНа обл. авт.: С.О. Коршунова | ||
| 606 | 1 |
_aЛатинский язык _xУчебные издания для юристов _92397922 _3RU\NLR\AUTH\661429584 |
|
| 675 | _a811.12 | ||
| 686 | 1 | _aШ146.1-93рус329.4 | |
| 702 | 1 |
_aКоршунова _bС. О. _gСветлана Олеговна _4220 |
|
| 712 | 0 | 2 |
_4570 _aИркутский юридический институт _9554581 _3RU\NLR\AUTH\8810028037 |
| 801 | 0 |
_aRU _bРГБ _c20151019 _gRCR |
|
| 942 | _cBOOK | ||
| 980 | _aNBR | ||